000 00670am a2200265a 44500
003 AR-BaBNM
005 20251128211155.0
008 133020s1979 #AR|||||||||||000 | esp||
040 _cAR-BaBNM
100 1 _aSciutto, Luis A.
245 1 0 _aRoberto Noble
_bun gran argentino
260 _aBuenos Aires
_bFundación Roberto Noble
_c1979
300 _a231p.
650 4 _aLITERATURA ARGENTINA
650 4 _aHISTORIA ARGENTINA
650 4 _aVIDA LITERARIA
650 4 _aPRESIDENCIAS ARGENTINAS
650 4 _aPERIODISMO
650 4 _aPERIODISTAS
650 4 _aPERIODICOS
650 4 _aBIOGRAFIAS
655 _aBIOGRAFIAS
942 _cBK
998 _cMariana
999 _c18576
_d18576